Biostatistics : A guide to design, analysis, and discovery
Today, mathematics, biology, medicine, and statistics are closing the interdisciplinary gap in an unprecedented way and many of the important unanswered questions now emerge at the interface of these disciplines. Now in its Second Edition, this user-friendly guide on biostatistics focuses on the pro...
Shranjeno v:
| Glavni avtor: | |
|---|---|
| Format: | Knjiga |
| Jezik: | Undetermined |
| Izdano: |
Burlington, MA
Elsevier Academic Press
2007
|
| Teme: | |
| Oznake: |
Označite
Brez oznak, prvi označite!
|
| Thư viện lưu trữ: | Trung tâm Học liệu Trường Đại học Cần Thơ |
|---|
| LEADER | 01102nam a2200241Ia 4500 | ||
|---|---|---|---|
| 001 | CTU_172336 | ||
| 008 | 210402s9999 xx 000 0 und d | ||
| 020 | |c 2833694 | ||
| 082 | |a 610.724 | ||
| 082 | |b F739 | ||
| 100 | |a Forthofer, Ron N. | ||
| 245 | 0 | |a Biostatistics : | |
| 245 | 2 | |b A guide to design, analysis, and discovery | |
| 245 | 0 | |c Ronald N. Forthofer, Eun Sul Lee, Mike Hernandez | |
| 260 | |a Burlington, MA | ||
| 260 | |b Elsevier Academic Press | ||
| 260 | |c 2007 | ||
| 520 | |a Today, mathematics, biology, medicine, and statistics are closing the interdisciplinary gap in an unprecedented way and many of the important unanswered questions now emerge at the interface of these disciplines. Now in its Second Edition, this user-friendly guide on biostatistics focuses on the proper use and interpretation of statistical methods. | ||
| 526 | |a Ứng dụng công nghệ thông tin trong dạy học Sinh học | ||
| 526 | |b SG184 | ||
| 650 | |a Medicine,Biometry,Y học,Sinh trắc học | ||
| 904 | |i mai, Hải | ||
| 980 | |a Trung tâm Học liệu Trường Đại học Cần Thơ | ||